Moral development : (Record no. 29430)
[ view plain ]
| 000 -LEADER | |
|---|---|
| fixed length control field | 01012nam a2200325 a 4500 |
| 001 - CONTROL NUMBER | |
| control field | 29430 |
| 003 - CONTROL NUMBER IDENTIFIER | |
| rucl marc code | BD-RjUL |
| 005 - DATE AND TIME OF LATEST TRANSACTION | |
| control field | 20211209051419.0 |
| 008 - FIXED-LENGTH DATA ELEMENTS--GENERAL INFORMATION | |
| fixed length control field | 140403s1968 enk b 001 0 eng d |
| 020 ## - INTERNATIONAL STANDARD BOOK NUMBER | |
| Canceled/invalid ISBN | 043700241 (cloth) |
| Canceled/invalid ISBN | 04370005X (pbk) |
| International Standard Book Number | 0043700241 (cloth) |
| International Standard Book Number | 004370025X (pbk) |
| 035 ## - SYSTEM CONTROL NUMBER | |
| System control number | 043700241 |
| -- | (BD-RjUL) 29515 |
| 040 ## - CATALOGING SOURCE | |
| Original cataloging agency | DLC |
| Transcribing agency | DLC |
| Modifying agency | BD-RjUL |
| Language of cataloging | eng |
| 041 ## - LANGUAGE CODE | |
| Language code of text/sound track or separate title | eng |
| 082 ## - DEWEY DECIMAL CLASSIFICATION NUMBER | |
| Classification number | 170.42 |
| Author mark and year | KAM 1968 |
| 100 1# - MAIN ENTRY--PERSONAL NAME | |
| Personal name | Kay, A. W. |
| Fuller form of name | (A. William) |
| 9 (RLIN) | 89729 |
| 245 10 - TITLE STATEMENT | |
| Title | Moral development : |
| Remainder of title | a psychological study of moral growth from childhood to adolescence / |
| Statement of responsibility, etc. | William Kay ; with a foreword by John Wilson. |
| 260 ## - PUBLICATION, DISTRIBUTION, ETC. (IMPRINT) | |
| Place of publication, distribution, etc. | London : |
| Name of publisher, distributor, etc. | Allen & Unwin, |
| Date of publication, distribution, etc. | c1968. |
| 300 ## - PHYSICAL DESCRIPTION | |
| Pagination | [8] 270 p. ; |
| Size | 23 cm. |
| 504 ## - BIBLIOGRAPHY, ETC. NOTE | |
| Bibliography, etc | Includes bibliographies and index. |
| 650 #0 - SUBJECT ADDED ENTRY--TOPICAL TERM | |
| Topical term or geographic name as entry element | Ethics. |
| 9 (RLIN) | 89730 |
| Topical term or geographic name as entry element | Child development. |
| 9 (RLIN) | 5451 |
| Topical term or geographic name as entry element | Morals. |
| 9 (RLIN) | 55396 |
| Topical term or geographic name as entry element | Child psychology. |
| 9 (RLIN) | 3848 |
| 700 ## - ADDED ENTRY--PERSONAL NAME | |
| Personal name | John Wilson. |
| 942 ## - ADDED ENTRY ELEMENTS (KOHA) | |
| Source of classification or shelving scheme | Dewey Decimal Classification |
| Koha item type | Books |
| Lost status | Source of classification or shelving scheme | Damaged status | Not for loan | Collection code | Permanent Location | Current Location | Shelving location | Date acquired | Source of acquisition | Cost, normal purchase price | Total Checkouts | Full call number | Date last seen | Copy number | Koha item type |
|---|---|---|---|---|---|---|---|---|---|---|---|---|---|---|---|
| Dewey Decimal Classification | Added to bundle | Non-fiction | Central Library, University of Rajshahi | Central Library, University of Rajshahi | Reading Room | 03/04/1974 | Euro, B.D. News Agency | 55.00 | 170.42 KAM 1968 | 03/04/2014 | C-1 | Books | |||
| Dewey Decimal Classification | Non-fiction | Central Library, University of Rajshahi | Central Library, University of Rajshahi | 03/04/1974 | Euro, B.D. News Agency | 55.00 | 170.42 KAM 1968 | 03/04/2014 | C-3 | Books | |||||
| Dewey Decimal Classification | Non-fiction | Central Library, University of Rajshahi | Central Library, University of Rajshahi | 03/04/1974 | Euro B. D News Agency | 55.00 | 170.42 KAM 1968 | 08/04/2014 | C-2 | Books |